Revista Novos Estudos Jurd̕icos

Detalles Bibliográficos
Formato: Desconocido
Lenguaje:portugués
Publicado: [Brasil] : Dereito Publico
Materias:
Acceso en línea:Acceso restringido

MARC

LEADER 00000ny a22000003n 4500
005 20110513104926.0
008 080925s20uu9999bl r s 000 a0por c
022 |a 2175-0491 
035 |a 4596 
040 |a BUS  |d vLex 
090 |c 1841  |d 1841 
245 0 0 |a Revista Novos Estudos Jurd̕icos  |h [Recurso electrn̤ico] 
256 |a Servicio en ln̕ea 
260 |a [Brasil] :  |b Dereito Publico 
506 1 |a Contenido solo disponible en los productos indicados  |d vLex Global  |d vLex Global (Academic Edition, excluding Law Schools)  |d vLex Global (U.S. Academic Edition, Law Schools)  |d vLex Global (U.S. Academic Edition, excluding Law Schools)  |d vLex Global (Academic Edition, Law Schools) 
650 0 4 |a Derecho  |x Publicaciones perid̤icas 
740 0 |a vLex Revista (Servicios en ln̕ea) 
843 |a Electrn̤ica. Abierta 
853 |8 1  |i (year)  |j (month)  |k (day) 
856 4 0 |z Acceso restringido  |u http://vlex.com/account/login_ip?fuente_id=4596  
942 |c REV